000 00642nam a2200241Ia 4500
003 OSt
005 20220928124313.0
006 a|||||r|||| 00| 0
007 ta
008 220927b |||||||| |||| 00| 0 eng d
024 _a57018
037 _cTextual
040 _aSDCL
_cSDCL
_beng
041 _2eng
_aeng
082 _aR625x3,1, M3
100 _aUdyana Acharya
_9464262
245 0 _aKusumanjli
260 _aDelhi
_bOrientail Publishers
_c1983
300 _axv,85p.
_ccm.
700 _a Cowell E B Tr.
_9416760
942 _hR625x3,1, M3
_cTEXL
_2CC
999 _c777159
_d777159